Využitie metód atómovej spektrometrie v anorganickej analýze

Gespeichert in:
Bibliographische Detailangaben
1. Verfasser: Hudecová, Agáta (Verfasst von)
Weitere Verfasser: Čacho, František (Betreuung Doktorarbeit)
Format: Manuskript Buch
Sprache:Slowakisch
Veröffentlicht: 2019
Schlagworte:
Online-Zugang:http://is.stuba.sk/zp/portal_zp.pl?podrobnosti=139979
Tags: Tag hinzufügen
Keine Tags, Fügen Sie das erste Tag hinzu!

MARC

LEADER 00000ntm a22000003a 4500
001 stuzp74282
003 SK-STU
005 20190622211637.6
007 ta
008 150427s2015----xo-----f-mn---000-0-slo-d
040 |a STU  |b slo 
041 0 |a slo 
100 1 |a Hudecová, Agáta  |u 041000  |4 aut  |U FCHPT Fakulta chemickej a potravinárskej technológie  |T FCHPT Ústav analytickej chémie  |X 82612  |U C1000  |Y 99  |7 82612 
242 0 1 |a The Use of the Atomic Spectrometry Methods in the Inorganic Analysis  |y eng 
245 1 0 |a Využitie metód atómovej spektrometrie v anorganickej analýze 
260 |c 2019 
650 4 |a selén  |2 slo 
650 4 |a paládium  |2 slo 
650 4 |a ETAAS  |2 slo 
650 4 |a ETAAS  |2 eng 
650 4 |a selenium  |2 eng 
650 4 |a palladium  |2 eng 
700 1 |a Čacho, František  |u 041000  |k Z1  |4 ths  |U FCHPT Fakulta chemickej a potravinárskej technológie  |T FCHPT Ústav analytickej chémie  |X 19738  |U C1000  |Y 99  |7 A0000019738 
856 4 |u http://is.stuba.sk/zp/portal_zp.pl?podrobnosti=139979